| 000 | 00280 a2200073 4500 | ||
|---|---|---|---|
| 245 | 0 |
_aVolokonno-opticeskaja svjaz' : _bPribory, schemy i sistemy / _cHowes M.J., Morgan D.V., Zabotinskij M.E.. |
|
| 710 | 2 |
_aRadio i Svjaz'. _eWydawca _4pbl |
|
| 260 |
_aMoskva : _bRadio i Svjaz', _c1980. |
||
| 300 |
_a272 s.; _c24 cm. |
||
| 999 |
_c13686 _d13686 |
||